Třetí celostátní konference geotechnické problémy při výstavbě hlavního města Prahy, 1981

Bibliographic Details
Main Author: Pruška, Lumír, 1925-1991 (Author)
Format: Article
Language:Slovak
Czech
Subjects:

MARC

LEADER 00000nab a2200000 a 4500
001 vtls000123189
003 SK-MaSNL
005 20260305004954.0
008 250422c1982 xo 0 slo
015 |a SNBRB19rr/mm-uuuuu 
035 |a CL0133294 
035 |a (urnnbn)urn:nbn:sk:snk:ar-006jkk 
035 |a (uuid)ae103d67-a4e8-49df-94a9-09e016bd286a 
035 |a urn:nbn:sk:snk-ab868i 
040 |a SNKBUCL  |b slo  |c SNKBUCL  |e AACR2 
041 0 |a cze 
044 |a xo  |c SK 
080 |a 624.1  |2 1981 
080 |a 061.3  |2 1981 
100 1 |a Pruška, Lumír,  |d 1925-1991  |4 aut  |9 186071 
245 1 0 |a Třetí celostátní konference geotechnické problémy při výstavbě hlavního města Prahy, 1981  |c Lumír Pruška 
650 0 7 |a výstavba  |2 snkbucl  |9 29373 
651 7 |a Praha (Česko)  |2 snkbucl  |9 19313 
655 7 |a články z novín a časopisov  |2 snkbucl  |9 267496 
773 0 |t Stavebnícky časopis  |g Roč. 30, č. 7 (1982), s. 587-588 
850 |a Slovenská národná knižnica 
852 |a Slovenská národná knižnica 
957 |a 3100 
958 |a article9 
958 |a RK 
958 |a CZ 
958 |a OND 
958 |a EUIPO 
992 |a RBX 
999 |c 3238329  |d 3240259